000 00542cam a2200181 4500500
005 20260405003415.0
041 _afre
042 _adc
100 1 0 _aPortevin, Catherine
_eauthor
245 0 0 _aLes Foudres de Nietzsche
260 _c2021.
500 _a52
690 _aJacques Bouveresse
690 _aNietzsche
690 _aOrdre
786 0 _nPhilosophie magazine | 154 | 11 | 2021-11-01 | p. 71-72 | 1951-1787
856 4 1 _uhttps://shs.cairn.info/magazine-philosophie-magazine-2021-11-page-71?lang=fr&redirect-ssocas=7080
999 _c2067228
_d2067228